| 000 | 00972cac a22003018a 4500 | ||
|---|---|---|---|
| 001 | 14499928 | ||
| 005 | 20150816122911.0 | ||
| 008 | 060815r2008 maua | 001 0 eng | ||
| 010 | _a 2006026702 | ||
| 020 | _a0763734020 | ||
| 020 | _a9780763734022 | ||
| 040 |
_aDLC _beng _cDLC _dEG-ScBUE |
||
| 082 | 0 | 4 |
_a005.133 _222 _bDAL |
| 100 | 1 |
_aDale, Nell B. _913144 |
|
| 245 | 1 | 0 |
_aProgramming and problem solving with Java / _cNell Dale , Chip Weems. |
| 260 |
_aSudbury, Massachusetts : _bJones and Bartlett Publishers, _cc.2008. |
||
| 300 |
_axxv , 838 p. : _bill. ; _c25 cm. |
||
| 500 | _aIndex : p. 797-836. | ||
| 500 | _aGlossary : p. 787-795. | ||
| 590 | _aDoha Ragab | ||
| 650 | 0 |
_aJava (Computer program language) _913145 _2BUEsh |
|
| 651 | _2BUEsh | ||
| 653 |
_bCOMSCI _cAugust2015 |
||
| 700 | 1 |
_aWeems, Chip. _913146 |
|
| 541 | _aDr. Khaled Nagaty; | ||
| 942 |
_2ddc _cBB |
||
| 999 |
_c13789 _d13789 |
||